[Event "2. Bundesliga West 2014/15"]
[Site "Diverse"]
[Date "2015.01.24"]
[Round "7"]
[Board "3"]
[White "Gara, Anita"]
[Black "Hajdarevic, Dino"]
[Result "1-0"]
[WhiteElo "2341"]
[BlackElo "2135"]
[PlyCount "109"]
[EventDate "2014.10.10"]
[EventType "team"]
[EventRounds "11"]
[EventCountry "AUT"]
[WhiteTeam "Sparkasse Neumarkt"]
[BlackTeam "HAK/HAS Innsbruck"]

1.e4 e5 2.Nf3 Nc6 3.Bb5 a6 4.Ba4 Nf6 5.d3 b5 6.Bb3 Be7 7.O-O O-O 8.Nc3 d6 9.a3 Bg4
10.Be3 Nd4 11.Bxd4 exd4 12.Nd5 Nxd5 13.Bxd5 Rb8 14.h3 Bxf3 15.Qxf3 Bf6 16.Qg4 Qc8
17.Qxc8 Rfxc8 18.f4 c6 19.Bb3 Be7 20.a4 b4 21.a5 Rb7 22.Kh2 Bd8 23.Bc4 Ra8 24.Ra4
Be7 25.g4 Kf8 26.Kg3 Bd8 27.g5 Be7 28.h4 Rd7 29.Re1 Bd8 30.Re2 Bc7 31.Rxb4 Bxa5 32.Ra4
Bb6 33.Rxa6 Rxa6 34.Bxa6 Ra7 35.Bc8 Ra2 36.Bd7 c5 37.e5 Ke7 38.e6 f6 39.gxf6+ gxf6
40.Kf3 Bd8 41.Ke4 Ra1 42.Rg2 Kf8 43.Kf5 Rh1 44.e7+ Kxe7 45.Rg7+ Kf8 46.Rxh7 Kg8 47.Rh6
Rg1 48.Rg6+ Rxg6 49.Kxg6 Ba5 50.Be6+ Kh8 51.h5 Bd2 52.f5 Bg5 53.Bd5 Bh4 54.Kf7 Kh7
55.Ke6 1-0

[Event "2. Bundesliga West 2014/15"]
[Site "Diverse"]
[Date "2015.01.24"]
[Round "7"]
[Board "4"]
[White "Meier, Alexander"]
[Black "Kaspret, Guido"]
[Result "0-1"]
[WhiteElo "2186"]
[BlackElo "2308"]
[PlyCount "76"]
[EventDate "2014.10.10"]
[EventType "team"]
[EventRounds "11"]
[EventCountry "AUT"]
[WhiteTeam "HAK/HAS Innsbruck"]
[BlackTeam "Sparkasse Neumarkt"]

1.e4 d6 2.d4 Nf6 3.Nc3 e5 4.Nf3 Nbd7 5.g4 Nxg4 6.Rg1 Ngf6 7.Bc4 h6 8.Be3 c6 9.dxe5
dxe5 10.Qd3 b5 11.Bb3 a5 12.O-O-O Ba6 13.Ne2 Qe7 14.Ng3 g6 15.c3 a4 16.Bc2 Ng4 17.Kb1
b4 18.Qd2 Nxe3 19.Qxe3 Bc4 20.cxb4 Qxb4 21.Qd2 Qxd2 22.Rxd2 Be6 23.Ne2 Bb4 24.Rxd7
Bxd7 25.Nxe5 Bd6 26.Nxd7 Kxd7 27.f4 Rhb8 28.e5 Ba3 29.b3 c5 30.Be4 Ra7 31.Bd5 Ke7
32.f5 Rd7 33.Bc4 gxf5 34.Nc3 Rbd8 35.Rf1 Rd2 36.Rxf5 Rb2+ 37.Ka1 Rc2 38.Rxf7+ Ke8 0-1

[Event "2. Bundesliga West 2014/15"]
[Site "Diverse"]
[Date "2015.01.24"]
[Round "7"]
[Board "5"]
[White "Wuppinger, Manfred"]
[Black "Heinrich, Thomas"]
[Result "1/2-1/2"]
[WhiteElo "2073"]
[BlackElo "2144"]
[PlyCount "60"]
[EventDate "2014.10.10"]
[EventType "team"]
[EventRounds "11"]
[EventCountry "AUT"]
[WhiteTeam "Sparkasse Neumarkt"]
[BlackTeam "HAK/HAS Innsbruck"]

1.e4 c5 2.c3 d5 3.Bb5+ Bd7 4.Bxd7+ Qxd7 5.exd5 Qxd5 6.Qf3 Nf6 7.Na3 a6 8.Nc2 Nc6 9.Qxd5
Nxd5 10.Ne2 e6 11.d4 cxd4 12.Ncxd4 Nxd4 13.Nxd4 Bc5 14.Nc2 Rd8 15.O-O h6 16.c4 Nb4
17.Nxb4 Bxb4 18.Be3 O-O 19.Rfd1 Ba5 20.Bc5 Rxd1+ 21.Rxd1 Rd8 22.Rxd8+ Bxd8 23.b4 f5
24.a4 Kf7 25.Kf1 e5 26.Ke2 Ke6 27.f3 h5 28.h3 g6 29.Kd3 Bc7 30.Be3 Bd8 1/2-1/2

[Event "2. Bundesliga West 2014/15"]
[Site "Diverse"]
[Date "2015.01.24"]
[Round "7"]
[Board "6"]
[White "Georgiev, Georgi"]
[Black "Baier, Patrick"]
[Result "0-1"]
[WhiteElo "2107"]
[BlackElo "1954"]
[PlyCount "72"]
[EventDate "2014.10.10"]
[EventType "team"]
[EventRounds "11"]
[EventCountry "AUT"]
[WhiteTeam "HAK/HAS Innsbruck"]
[BlackTeam "Sparkasse Neumarkt"]

1.d4 g6 2.Nf3 Bg7 3.g3 Nf6 4.Bg2 d6 5.O-O O-O 6.c4 Nbd7 7.Nc3 e5 8.e4 Re8 9.h3 exd4
10.Nxd4 Nc5 11.Re1 a5 12.b3 Nfd7 13.Be3 Nb6 14.Qc2 a4 15.Rad1 axb3 16.axb3 Na6 17.f4
Nd7 18.Qf2 Nb4 19.g4 Qe7 20.Qd2 Nc5 21.Ncb5 Ncd3 22.Nc3 Nxe1 23.Rxe1 Bd7 24.Bf2 c5
25.Ndb5 Bxb5 26.Nxb5 Red8 27.Nc3 Ra3 28.Rb1 Rda8 29.Kh2 Ra1 30.Rxa1 Rxa1 31.Nd5 Nxd5
32.Qxd5 Ra2 33.Bg3 Bd4 34.e5 dxe5 35.fxe5 Re2 36.Qf3 Re3 0-1

[Event "2. Bundesliga West 2014/15"]
[Site "Diverse"]
[Date "2015.01.24"]
[Round "7"]
[Board "2"]
[White "Bertagnolli, Alexander"]
[Black "Durakovic, Alman"]
[Result "1/2-1/2"]
[WhiteElo "2343"]
[BlackElo "2314"]
[PlyCount "76"]
[EventDate "2014.10.10"]
[EventType "team"]
[EventRounds "11"]
[EventCountry "AUT"]
[WhiteTeam "Kufstein / Woergl"]
[BlackTeam "SIR Bernhard 2"]

1.e4 c5 2.Nf3 d6 3.d4 cxd4 4.Nxd4 Nf6 5.Nc3 a6 6.h3 b5 7.g4 Bb7 8.Bg2 e6 9.g5 Nfd7
10.Be3 Nc6 11.h4 Nde5 12.Nxc6 Bxc6 13.Bd4 h6 14.f4 Ng6 15.Qg4 hxg5 16.fxg5 Qc7 17.O-O-O
O-O-O 18.h5 Ne5 19.Bxe5 dxe5 20.g6 Bc5 21.Nd5 Bxd5 22.exd5 f5 23.Qh3 e4 24.dxe6 Qe5
25.Rhe1 Rxd1+ 26.Rxd1 Rd8 27.Rxd8+ Kxd8 28.h6 gxh6 29.Qxh6 Qg3 30.Qd2+ Bd6 31.c4 Ke7
32.Kc2 Qxg6 33.cxb5 axb5 34.Bf1 Qxe6 35.Bxb5 f4 36.Qd4 Qe5 37.Qxe5+ Bxe5 38.Bc6 e3 1/2-1/2

[Event "2. Bundesliga West 2014/15"]
[Site "Diverse"]
[Date "2015.01.24"]
[Round "7"]
[Board "3"]
[White "Seyb, Alexander"]
[Black "Koepke, Christian"]
[Result "1-0"]
[WhiteElo "2427"]
[BlackElo "2322"]
[PlyCount "41"]
[EventDate "2014.10.10"]
[EventType "team"]
[EventRounds "11"]
[EventCountry "AUT"]
[WhiteTeam "SIR Bernhard 2"]
[BlackTeam "Kufstein / Woergl"]

1.e4 c5 2.Nf3 d6 3.d4 cxd4 4.Nxd4 Nf6 5.Nc3 g6 6.Be3 Bg7 7.f3 O-O 8.Qd2 Nc6 9.g4 Be6
10.Nxe6 fxe6 11.O-O-O Ne5 12.Be2 Qc8 13.h4 Nfd7 14.h5 Nc4 15.Bxc4 Qxc4 16.hxg6 hxg6
17.f4 b5 18.f5 exf5 19.gxf5 gxf5 20.Rdg1 Rf7 21.Qh2 1-0

[Event "2. Bundesliga West 2014/15"]
[Site "Diverse"]
[Date "2015.01.24"]
[Round "7"]
[Board "4"]
[White "Maurer, Jochen"]
[Black "Frank, Emanuel"]
[Result "1/2-1/2"]
[WhiteElo "2254"]
[BlackElo "2178"]
[PlyCount "60"]
[EventDate "2014.10.10"]
[EventType "team"]
[EventRounds "11"]
[EventCountry "AUT"]
[WhiteTeam "Kufstein / Woergl"]
[BlackTeam "SIR Bernhard 2"]

1.e4 e5 2.Nf3 Nc6 3.Nc3 Nf6 4.g3 Bc5 5.Bg2 d6 6.d3 O-O 7.O-O h6 8.Na4 Bg4 9.h3 Be6
10.Nxc5 dxc5 11.b3 Qd6 12.Bb2 Rfd8 13.Nh4 Nd7 14.f4 f6 15.Qh5 Nd4 16.Rf2 Bf7 17.Qg4
h5 18.Qd1 a5 19.f5 Nf8 20.Bf3 Nxf3+ 21.Qxf3 a4 22.g4 Nh7 23.gxh5 Ng5 24.Qg4 axb3 25.axb3
Rxa1+ 26.Bxa1 c4 27.bxc4 Bxh5 28.Qxh5 Nxh3+ 29.Kg2 Nxf2 30.Kxf2 Qa3 1/2-1/2

[Event "2. Bundesliga West 2014/15"]
[Site "Diverse"]
[Date "2015.01.24"]
[Round "7"]
[Board "5"]
[White "Wieneroiter, Gerald"]
[Black "Rusche, Johannes"]
[Result "1/2-1/2"]
[WhiteElo "2140"]
[BlackElo "2274"]
[PlyCount "78"]
[EventDate "2014.10.10"]
[EventType "team"]
[EventRounds "11"]
[EventCountry "AUT"]
[WhiteTeam "SIR Bernhard 2"]
[BlackTeam "Kufstein / Woergl"]

1.Nf3 Nf6 2.c4 e6 3.d4 b6 4.g3 Bb7 5.Bg2 Be7 6.O-O O-O 7.Nc3 Ne4 8.Nxe4 Bxe4 9.Ne1
Bxg2 10.Nxg2 c5 11.d5 exd5 12.Qxd5 Nc6 13.Qd1 Bf6 14.Rb1 Qe7 15.Nf4 Qe4 16.Qd3 Qxd3
17.exd3 Rae8 18.Be3 Bd4 19.Nd5 Re5 20.a3 Bxe3 21.fxe3 Ne7 22.Nxe7+ Rxe7 23.Rfe1 f5
24.b4 d6 25.a4 cxb4 26.Rxb4 Re5 27.Rb5 Rc8 28.Kf2 Kf7 29.Rc1 Rce8 30.Re1 Rc8 31.Ra1
Kf6 32.Rxe5 dxe5 33.a5 e4 34.axb6 axb6 35.Ke2 exd3+ 36.Kxd3 Rc6 37.Ra7 Rd6+ 38.Kc3
Re6 39.Kd4 Rd6+ 1/2-1/2

[Event "2. Bundesliga West 2014/15"]
[Site "Diverse"]
[Date "2015.01.24"]
[Round "7"]
[Board "6"]
[White "Neuschmied, Siegfried"]
[Black "Prodinger, Johannes"]
[Result "1-0"]
[WhiteElo "2246"]
[BlackElo "1911"]
[PlyCount "71"]
[EventDate "2014.10.10"]
[EventType "team"]
[EventRounds "11"]
[EventCountry "AUT"]
[WhiteTeam "Kufstein / Woergl"]
[BlackTeam "SIR Bernhard 2"]

1.e4 c5 2.Nf3 d6 3.Bb5+ Bd7 4.Bxd7+ Qxd7 5.c4 Nc6 6.Nc3 Nf6 7.d4 cxd4 8.Nxd4 g6 9.h3
Bg7 10.Be3 O-O 11.O-O Rfc8 12.b3 Qd8 13.Rc1 Nd7 14.Qd2 a5 15.Ndb5 Nc5 16.Rfd1 Nb4
17.Qe2 Rc6 18.Rb1 Qf8 19.a3 Nba6 20.Bd2 Nc7 21.a4 N5e6 22.Nd5 h5 23.Qe1 b6 24.Be3
Ra6 25.Qe2 Qd8 26.f4 Ne8 27.f5 N6c7 28.fxg6 fxg6 29.Bg5 Bf6 30.Bxf6 exf6 31.Nf4 Kg7
32.Nd4 Qd7 33.Nxc6 Qxc6 34.Kh1 Ra8 35.Rd3 Rd8 36.Rg3 1-0

[Event "2. Bundesliga West 2014/15"]
[Site "Diverse"]
[Date "2015.01.24"]
[Round "7"]
[Board "1"]
[White "Graf, Felix"]
[Black "Wegener, Olaf"]
[Result "1-0"]
[WhiteElo "2478"]
[BlackElo "2441"]
[PlyCount "97"]
[EventDate "2014.10.10"]
[EventType "team"]
[EventRounds "11"]
[EventCountry "AUT"]
[WhiteTeam "Bregenz"]
[BlackTeam "Rochade Rum"]

1.d4 Nf6 2.c4 e6 3.Nf3 b6 4.a3 Bb7 5.Nc3 d5 6.Qa4+ Qd7 7.Qxd7+ Kxd7 8.Ne5+ Ke8 9.Nb5
Na6 10.cxd5 Nxd5 11.e4 Nf6 12.f3 c6 13.Nc3 Rc8 14.Be2 Nd7 15.Nc4 f6 16.Bf4 Kf7 17.Rd1
Nc7 18.O-O Be7 19.Bg3 Rhd8 20.f4 f5 21.Bh4 Bxh4 22.Nd6+ Kg6 23.Nxb7 Rf8 24.Nd6 Rcd8
25.exf5+ exf5 26.Bd3 h5 27.h3 Nb8 28.Nxf5 Bf6 29.g4 hxg4 30.hxg4 Kf7 31.g5 g6 32.Bc4+
Ke8 33.Rfe1+ Kd7 34.Nh4 Bg7 35.Nxg6 Rfe8 36.Ne5+ Kc8 37.f5 b5 38.Bf7 Rh8 39.f6 Bf8
40.Kg2 Kb7 41.Rh1 Rxh1 42.Rxh1 Rxd4 43.g6 Rd2+ 44.Kf3 Nd7 45.Nxd7 Rxd7 46.Rh8 Rxf7
47.gxf7 Ne6 48.Ne4 Kc7 49.Kg4 1-0

[Event "2. Bundesliga West 2014/15"]
[Site "Diverse"]
[Date "2015.01.24"]
[Round "7"]
[Board "2"]
[White "Braeuer, Franz"]
[Black "Weindl, Alfred"]
[Result "1-0"]
[WhiteElo "2387"]
[BlackElo "2331"]
[PlyCount "59"]
[EventDate "2014.10.10"]
[EventType "team"]
[EventRounds "11"]
[EventCountry "AUT"]
[WhiteTeam "Rochade Rum"]
[BlackTeam "Bregenz"]

1.e4 c5 2.Nf3 Nc6 3.d4 cxd4 4.Nxd4 Nf6 5.Nc3 d6 6.Bg5 e6 7.Qd2 a6 8.O-O-O Bd7 9.f3
Be7 10.Be3 O-O 11.g4 Nxd4 12.Qxd4 Bc6 13.g5 Nd7 14.Rg1 b5 15.f4 b4 16.Qxb4 d5 17.Qd4
Bc5 18.Qd2 Qb6 19.Bxc5 Nxc5 20.exd5 Rab8 21.b3 Rfd8 22.Bg2 exd5 23.Qd4 Qa5 24.Bxd5
Ne6 25.Qe5 Bxd5 26.Rxd5 Rxd5 27.Nxd5 Qa3+ 28.Kb1 Rc8 29.Re1 Qc5 30.f5 1-0

[Event "2. Bundesliga West 2014/15"]
[Site "Diverse"]
[Date "2015.01.24"]
[Round "7"]
[Board "3"]
[White "Abhau, Jochen"]
[Black "Heinzel, Olaf"]
[Result "1-0"]
[WhiteElo "2265"]
[BlackElo "2374"]
[PlyCount "85"]
[EventDate "2014.10.10"]
[EventType "team"]
[EventRounds "11"]
[EventCountry "AUT"]
[WhiteTeam "Bregenz"]
[BlackTeam "Rochade Rum"]

1.Nf3 d5 2.g3 c6 3.Bg2 Bf5 4.d3 e6 5.O-O h6 6.c4 Nd7 7.cxd5 exd5 8.e4 dxe4 9.dxe4
Bh7 10.Nc3 Nc5 11.Nd4 Qd7 12.Be3 Nf6 13.f3 Be7 14.Qe2 O-O 15.Rfd1 Qc8 16.Rac1 Ne6
17.Nd5 Bd8 18.Qf2 Nxd4 19.Bxd4 Qe6 20.Nxf6+ Bxf6 21.Bxf6 Qxf6 22.Rd7 b6 23.Qd4 Qe6
24.Bf1 c5 25.Qd5 Qxd5 26.Rxd5 Rfd8 27.Rcd1 Rxd5 28.Rxd5 Kf8 29.Rd7 Bg8 30.Bc4 a6 31.Bd5
Rb8 32.f4 g6 33.Kf2 Ke8 34.Bc6 Rd8 35.Rb7+ Kf8 36.Ke3 b5 37.Ra7 Rd4 38.Rxa6 Rb4 39.b3
c4 40.Ra8+ Kg7 41.Bd5 g5 42.Rb8 Bh7 43.Bxc4 1-0

[Event "2. Bundesliga West 2014/15"]
[Site "Diverse"]
[Date "2015.01.24"]
[Round "7"]
[Board "4"]
[White "Hengl, Christian"]
[Black "Herbrechtsmeier, Christof"]
[Result "1/2-1/2"]
[WhiteElo "2245"]
[BlackElo "2286"]
[PlyCount "59"]
[EventDate "2014.10.10"]
[EventType "team"]
[EventRounds "11"]
[EventCountry "AUT"]
[WhiteTeam "Rochade Rum"]
[BlackTeam "Bregenz"]

1.e4 g6 2.Nc3 Bg7 3.g3 c5 4.Bg2 Nc6 5.f4 d6 6.Nf3 Nh6 7.O-O O-O 8.h3 f5 9.d3 Nf7 10.Nd5
Bd7 11.c3 Rb8 12.Ne3 e6 13.Bd2 b5 14.Qc2 b4 15.g4 bxc3 16.bxc3 Ne7 17.Rab1 Qa5 18.Rb2
Rxb2 19.Qxb2 Qb5 20.Qxb5 Bxb5 21.c4 fxe4 22.dxe4 Bc6 23.Ne1 Rb8 24.Nd3 Bd4 25.Kh2
Rb6 26.Nc2 Bf6 27.f5 exf5 28.exf5 gxf5 29.Bxc6 Rxc6 30.gxf5 1/2-1/2

[Event "2. Bundesliga West 2014/15"]
[Site "Diverse"]
[Date "2015.01.24"]
[Round "7"]
[Board "5"]
[White "Bezler, Rainer"]
[Black "Jedinger, Andreas"]
[Result "0-1"]
[WhiteElo "2215"]
[BlackElo "2105"]
[PlyCount "78"]
[EventDate "2014.10.10"]
[EventType "team"]
[EventRounds "11"]
[EventCountry "AUT"]
[WhiteTeam "Bregenz"]
[BlackTeam "Rochade Rum"]

1.d4 Nf6 2.c4 g6 3.Nc3 Bg7 4.e4 d6 5.Nf3 O-O 6.Be2 e5 7.O-O Nc6 8.d5 Ne7 9.Ne1 Nd7
10.Nd3 f5 11.exf5 Nxf5 12.f3 c5 13.Nf2 Nf6 14.Nfe4 Nd4 15.Bg5 Bf5 16.Bd3 Qd7 17.Qd2
Bxe4 18.Bxe4 Nh5 19.g3 Rf7 20.Kg2 Raf8 21.Rf2 Bf6 22.Bh6 Bg7 23.Be3 Nf5 24.Kg1 a6
25.a3 Nxe3 26.Qxe3 Qh3 27.b4 Nf6 28.Raf1 Bh6 29.Qe2 b6 30.Qd3 Qd7 31.Rb2 Qh3 32.bxc5
bxc5 33.Qe2 Ng4 34.Nd1 Bc1 35.Rb6 Rf6 36.a4 Qh6 37.Re1 Bd2 38.Rf1 a5 39.Kh1 Bb4 0-1

[Event "2. Bundesliga West 2014/15"]
[Site "Diverse"]
[Date "2015.01.24"]
[Round "7"]
[Board "6"]
[White "Hoellrigl, Wilfried"]
[Black "Poettinger, Harald"]
[Result "0-1"]
[WhiteElo "2153"]
[BlackElo "2212"]
[PlyCount "76"]
[EventDate "2014.10.10"]
[EventType "team"]
[EventRounds "11"]
[EventCountry "AUT"]
[WhiteTeam "Rochade Rum"]
[BlackTeam "Bregenz"]

1.e4 d6 2.d4 Nf6 3.Nc3 e5 4.Nf3 Nbd7 5.Bc4 Be7 6.O-O O-O 7.Re1 c6 8.a4 h6 9.Ba2 Re8
10.h3 Qc7 11.dxe5 dxe5 12.Nh4 Nf8 13.Qf3 Be6 14.Nf5 Bxa2 15.Rxa2 Ne6 16.Be3 Rad8 17.Raa1
Nd4 18.Bxd4 exd4 19.Ne2 c5 20.Neg3 Qc6 21.Qf4 Bf8 22.Qh4 Kh7 23.e5 g5 24.Ne4 gxh4
25.Nxf6+ Kh8 26.f4 Re6 27.Nh5 Be7 28.Kh2 Rg8 29.Re2 Reg6 30.Rg1 Qe6 31.g4 Qxf5 32.gxf5
Rxg1 33.f6 Bf8 34.b3 b6 35.Rf2 Re1 36.Rd2 Kh7 37.Rf2 Rgg1 38.Rd2 Kg6 0-1

[Event "2. Bundesliga West 2014/15"]
[Site "Diverse"]
[Date "2015.01.24"]
[Round "7"]
[Board "1"]
[White "Krassowizkij, Jaroslaw"]
[Black "Bayer, Bernhard"]
[Result "0-1"]
[WhiteElo "2408"]
[BlackElo "2441"]
[PlyCount "96"]
[EventDate "2014.10.10"]
[EventType "team"]
[EventRounds "11"]
[EventCountry "AUT"]
[WhiteTeam "Goetzis"]
[BlackTeam "Schwaz"]

1.d4 Nf6 2.c4 e6 3.g3 d5 4.Bg2 c6 5.Nf3 Be7 6.O-O O-O 7.Qc2 b5 8.c5 a5 9.a3 Nbd7 10.Nc3
Bb7 11.Bd2 Qb8 12.b4 Bd8 13.Bf4 Bc7 14.Bxc7 Qxc7 15.e4 dxe4 16.Nxe4 Nxe4 17.Qxe4 Rfd8
18.Rfb1 Nf6 19.Qe5 Qd7 20.Qe1 a4 21.Rd1 Rac8 22.Rd3 Qe7 23.Rad1 Rc7 24.h4 Bc8 25.Ne5
Nd5 26.Be4 f6 27.Nf3 Qf7 28.Bxd5 exd5 29.Qd2 Re7 30.Re1 Re4 31.Rde3 Qg6 32.Rxe4 dxe4
33.Nh2 f5 34.Rd1 Qf6 35.f3 Qe6 36.Qe3 Qb3 37.Qxb3+ axb3 38.fxe4 fxe4 39.Nf1 Bg4 40.Rb1
Be6 41.Kf2 Rxd4 42.Ke3 Rc4 43.Kf4 Rc2 44.Ne3 Rf2+ 45.Ke5 Kf7 46.Kd4 Rd2+ 47.Kxe4 b2
48.Nd1 Ba2 0-1

[Event "2. Bundesliga West 2014/15"]
[Site "Diverse"]
[Date "2015.01.24"]
[Round "7"]
[Board "2"]
[White "Panteleev, Petar"]
[Black "Eisenbeiser, Amadeus"]
[Result "0-1"]
[WhiteElo "2239"]
[BlackElo "2365"]
[PlyCount "88"]
[EventDate "2014.10.10"]
[EventType "team"]
[EventRounds "11"]
[EventCountry "AUT"]
[WhiteTeam "Schwaz"]
[BlackTeam "Goetzis"]

1.d4 d6 2.Nf3 g6 3.c4 Bg7 4.e4 e5 5.Nc3 exd4 6.Nxd4 Nc6 7.Be3 Nge7 8.Be2 O-O 9.O-O
f5 10.Qd2 Nxd4 11.Bxd4 Bxd4 12.Qxd4 Nc6 13.Qd5+ Kg7 14.exf5 Bxf5 15.Rad1 Qf6 16.Qd2
Qf7 17.Nd5 Rae8 18.Qc3+ Kg8 19.Bd3 Bxd3 20.Rxd3 Ne5 21.Rd4 c6 22.Rf4 Qe6 23.Rxf8+
Rxf8 24.Ne3 Rf4 25.b3 Qf6 26.Qd2 Rd4 27.Qe2 Qf4 28.f3 Rd3 29.Re1 Qd4 30.Kh1 Rd2 31.Qf1
Rxa2 32.Ng4 Nxg4 33.fxg4 Qf2 34.Qxf2 Rxf2 35.h3 Rb2 36.Re3 Kf7 37.g5 Rf2 38.h4 Rf5
39.Kh2 Re5 40.Rf3+ Ke7 41.g4 d5 42.cxd5 cxd5 43.Rd3 Kd6 44.Kg3 a5 0-1

[Event "2. Bundesliga West 2014/15"]
[Site "Diverse"]
[Date "2015.01.24"]
[Round "7"]
[Board "3"]
[White "Anistratov, Dmitrij"]
[Black "Fuchs, Georg"]
[Result "1-0"]
[WhiteElo "2305"]
[BlackElo "2187"]
[PlyCount "77"]
[EventDate "2014.10.10"]
[EventType "team"]
[EventRounds "11"]
[EventCountry "AUT"]
[WhiteTeam "Goetzis"]
[BlackTeam "Schwaz"]

1.Nf3 d5 2.g3 c5 3.Bg2 Nc6 4.d4 Nf6 5.O-O cxd4 6.Nxd4 e6 7.c4 Be7 8.Nc3 O-O 9.cxd5
exd5 10.Bg5 h6 11.Be3 Bb4 12.Qb3 Bxc3 13.Qxc3 Bd7 14.Nxc6 Bxc6 15.Bd4 Bb5 16.Rfe1
Re8 17.Bxf6 Qxf6 18.Qxf6 gxf6 19.e3 Rad8 20.Red1 Bc6 21.Rd4 Rd7 22.Rad1 Red8 23.Bh3
Rd6 24.e4 Kf8 25.Bg2 Bb5 26.exd5 Rc8 27.Rb4 Be2 28.Re1 Bc4 29.Rc1 b5 30.b3 a5 31.Rxb5
Bxb5 32.Rxc8+ Ke7 33.Rc5 Rb6 34.Rc7+ Ke8 35.Bf1 Bd7 36.Ra7 a4 37.Bc4 axb3 38.axb3
Bb5 39.Kg2 1-0

[Event "2. Bundesliga West 2014/15"]
[Site "Diverse"]
[Date "2015.01.24"]
[Round "7"]
[Board "4"]
[White "Gruber, Michael"]
[Black "Mittelberger, Peter"]
[Result "1/2-1/2"]
[WhiteElo "2196"]
[BlackElo "2203"]
[PlyCount "86"]
[EventDate "2014.10.10"]
[EventType "team"]
[EventRounds "11"]
[EventCountry "AUT"]
[WhiteTeam "Schwaz"]
[BlackTeam "Goetzis"]

1.e4 g6 2.d4 Bg7 3.Nc3 a6 4.Be3 b5 5.Bd3 Bb7 6.Qd2 d6 7.a4 b4 8.Nce2 a5 9.c3 bxc3
10.Nxc3 Na6 11.d5 Nf6 12.Bb5+ Nd7 13.Nge2 O-O 14.Nd4 Nb4 15.O-O Nc5 16.Ra3 Qc8 17.Bh6
e5 18.Nf5 Bf6 19.Bxf8 Qxf8 20.Nh6+ Kh8 21.Ng4 Bg7 22.f4 h5 23.Ne3 exf4 24.Rxf4 Bh6
25.Rf3 Qg7 26.Qf2 Rf8 27.Ra1 Kg8 28.Re1 Nbd3 29.Bxd3 Nxd3 30.Qe2 Nxe1 31.Qxe1 Qd4
32.Qf2 Ba6 33.Nc2 Qxf2+ 34.Kxf2 Rb8 35.Nd1 Bg7 36.b3 Be5 37.h3 c6 38.dxc6 Rc8 39.Nde3
Rxc6 40.Na3 Rc1 41.Nac4 Bb7 42.Nd5 Rc2+ 43.Kg1 Rc1+ 1/2-1/2

[Event "2. Bundesliga West 2014/15"]
[Site "Diverse"]
[Date "2015.01.24"]
[Round "7"]
[Board "5"]
[White "Quintero Ortega, Carlos"]
[Black "Binder, Moriz"]
[Result "0-1"]
[WhiteElo "2190"]
[BlackElo "2146"]
[PlyCount "84"]
[EventDate "2014.10.10"]
[EventType "team"]
[EventRounds "11"]
[EventCountry "AUT"]
[WhiteTeam "Goetzis"]
[BlackTeam "Schwaz"]

1.g3 d5 2.Bg2 Nf6 3.c4 c6 4.Nf3 g6 5.b3 Bg7 6.Bb2 O-O 7.O-O Qb6 8.Qc2 Rd8 9.d3 Nbd7
10.Nbd2 Nf8 11.Rab1 Bg4 12.b4 Ne6 13.b5 cxb5 14.Bxf6 Bxf6 15.Rxb5 Qc7 16.Qb1 Nc5 17.cxd5
a6 18.Rb4 Bxf3 19.Nxf3 b5 20.Rc1 Qd6 21.Nd2 Rac8 22.d4 Na4 23.Rxc8 Rxc8 24.Ne4 Qd8
25.Nxf6+ exf6 26.Bf3 Nc3 27.Qb2 Nxd5 28.Rb3 f5 29.Qd2 Rc4 30.e3 Nf6 31.Rb1 Qc7 32.d5
Ne4 33.Bxe4 fxe4 34.d6 Qd7 35.Qd5 Kg7 36.Rd1 f5 37.Qe5+ Kf7 38.Qh8 Ke6 39.Qg8+ Kf6
40.Qf8+ Ke6 41.Qa8 Rc6 42.Qxc6 Qxc6 0-1

[Event "2. Bundesliga West 2014/15"]
[Site "Diverse"]
[Date "2015.01.24"]
[Round "7"]
[Board "6"]
[White "Streiter, Gerhard"]
[Black "Scheffknecht, Philipp"]
[Result "0-1"]
[WhiteElo "1986"]
[BlackElo "2152"]
[PlyCount "132"]
[EventDate "2014.10.10"]
[EventType "team"]
[EventRounds "11"]
[EventCountry "AUT"]
[WhiteTeam "Schwaz"]
[BlackTeam "Goetzis"]

1.e4 c5 2.Nf3 e6 3.d4 cxd4 4.Nxd4 a6 5.Bd3 Qb6 6.Nb3 Qc7 7.O-O Nc6 8.Be3 Nf6 9.f4
d6 10.Nc3 b5 11.Qf3 Bb7 12.a4 b4 13.Ne2 Be7 14.a5 h5 15.Bb6 Qd7 16.Rad1 g6 17.c4 e5
18.Bb1 Qg4 19.c5 dxc5 20.Nxc5 Qxf3 21.gxf3 Bxc5+ 22.Bxc5 Nd7 23.Bb6 Nxb6 24.axb6 Ke7
25.Ba2 Rhd8 26.Bd5 exf4 27.Nxf4 a5 28.Rc1 Rac8 29.Rc4 Ne5 30.Rxc8 Bxc8 31.Rc1 Bd7
32.Rc5 a4 33.Kg2 Kd6 34.Ra5 Rb8 35.b7 Kc7 36.Rc5+ Kb6 37.Rc1 Bc6 38.h4 Bxb7 39.Bxb7
Kxb7 40.Nd5 Nc6 41.Kf2 Ra8 42.Ke3 a3 43.bxa3 Rxa3+ 44.Kf4 b3 45.Rb1 Nd4 46.Ke3 Ne6
47.Rb2 Kc6 48.Nc3 Kc5 49.Nb1 Kb4 50.Nxa3 Kxa3 51.Rg2 b2 52.Rg1 Ka2 53.f4 b1=Q 54.Rxb1
Kxb1 55.f5 gxf5 56.exf5 Ng7 57.f6 Nf5+ 58.Kf4 Nxh4 59.Kg5 Ng6 60.Kxh5 Kc2 61.Kh6 Kd3
62.Kg7 Ne5 63.Kh6 Ke4 64.Kg5 Nd7 65.Kh6 Kf5 66.Kg7 Ke6 0-1

[Event "2. Bundesliga West 2014/15"]
[Site "Diverse"]
[Date "2015.01.24"]
[Round "7"]
[Board "1"]
[White "Perunovic, Milos"]
[Black "Zelcic, Robert"]
[Result "0-1"]
[WhiteElo "2632"]
[BlackElo "2553"]
[PlyCount "116"]
[EventDate "2014.10.10"]
[EventType "team"]
[EventRounds "11"]
[EventCountry "AUT"]
[WhiteTeam "Dornbirn"]
[BlackTeam "Schwarzach"]

1.e4 c6 2.d4 d5 3.e5 Bf5 4.Nf3 e6 5.Be2 Nd7 6.O-O h6 7.Nbd2 Ne7 8.Nb3 Bh7 9.Bd2 Nf5
10.c4 dxc4 11.Bxc4 Be7 12.Rc1 O-O 13.Bd3 Bg6 14.Qe2 Rc8 15.Be4 Nb6 16.g4 Nh4 17.Nxh4
Bxe4 18.Qxe4 Bxh4 19.Nc5 Qd5 20.Qxd5 Nxd5 21.b3 Rc7 22.f4 Be7 23.f5 Bxc5 24.Rxc5 f6
25.exf6 Rxf6 26.Bf4 Nxf4 27.Rxf4 Rcf7 28.Rf2 exf5 29.gxf5 Rd7 30.Rf4 Rfd6 31.Rc4 Kf7
32.Kf2 b5 33.Rc5 Rxd4 34.Rxd4 Rxd4 35.Rxc6 Rd2+ 36.Kg3 Rxa2 37.h4 Rb2 38.Rc3 a5 39.Kf4
Rf2+ 40.Ke4 Re2+ 41.Kf4 Rh2 42.Rc7+ Kf6 43.Rc6+ Ke7 44.Re6+ Kf7 45.Kg4 Rb2 46.Ra6
Rxb3 47.Rxa5 Rb4+ 48.Kg3 h5 49.Kh3 Kf6 50.Ra7 Rf4 51.Rb7 Rf3+ 52.Kg2 Rxf5 53.Rb6+
Ke7 54.Kg3 Kd7 55.Rg6 Kc7 56.Rxg7+ Kc6 57.Rg5 Rxg5+ 58.hxg5 Kd7 0-1

[Event "2. Bundesliga West 2014/15"]
[Site "Diverse"]
[Date "2015.01.24"]
[Round "7"]
[Board "2"]
[White "Krstic, Uros"]
[Black "Milanovic, Danilo"]
[Result "1/2-1/2"]
[WhiteElo "2428"]
[BlackElo "2471"]
[PlyCount "81"]
[EventDate "2014.10.10"]
[EventType "team"]
[EventRounds "11"]
[EventCountry "AUT"]
[WhiteTeam "Schwarzach"]
[BlackTeam "Dornbirn"]

1.e4 d5 2.exd5 Qxd5 3.Nc3 Qd6 4.d4 Nf6 5.Nf3 c6 6.Ne5 Nbd7 7.f4 Nb6 8.Bd3 g6 9.Qf3
Bg7 10.Be3 Nbd5 11.Nxd5 Nxd5 12.O-O O-O 13.c3 Be6 14.a3 Rac8 15.Rad1 Nxe3 16.Qxe3
c5 17.d5 Bd7 18.Rfe1 Rc7 19.Be2 Bc8 20.g3 Rd8 21.Nc4 Qf6 22.a4 Bf8 23.Rd2 Bd7 24.Bd1
Qa6 25.b3 b5 26.axb5 Bxb5 27.Ne5 c4 28.b4 Qb6 29.Rd4 a5 30.bxa5 Qxa5 31.f5 Be8 32.fxg6
hxg6 33.Nxc4 Qc5 34.Bf3 Bb5 35.Ne5 Qxc3 36.Qxc3 Rxc3 37.Rf4 Be8 38.Bg2 Bh6 39.Rf3
Rxf3 40.Bxf3 Kf8 41.Nc6 1/2-1/2

[Event "2. Bundesliga West 2014/15"]
[Site "Diverse"]
[Date "2015.01.24"]
[Round "7"]
[Board "3"]
[White "Sergeev, Vladimir"]
[Black "Brumen, Dinko"]
[Result "1-0"]
[WhiteElo "2448"]
[BlackElo "2359"]
[PlyCount "75"]
[EventDate "2014.10.10"]
[EventType "team"]
[EventRounds "11"]
[EventCountry "AUT"]
[WhiteTeam "Dornbirn"]
[BlackTeam "Schwarzach"]

1.e4 e6 2.d3 d5 3.Nd2 Nf6 4.Ngf3 dxe4 5.dxe4 Bc5 6.Bc4 Nc6 7.Qe2 O-O 8.e5 Nd5 9.Nb3
Bb4+ 10.c3 Nxc3 11.bxc3 Bxc3+ 12.Bd2 Bxa1 13.Nxa1 Nd4 14.Nxd4 Qxd4 15.O-O Bd7 16.Nc2
Qh4 17.f4 b5 18.Bd3 Bc6 19.Nd4 Bd5 20.Nxb5 Rab8 21.Be3 Rfd8 22.a4 Bb3 23.a5 Ba4 24.Nc3
Bc6 25.Rc1 Rb3 26.Bc4 Ra3 27.a6 Qe7 28.Nb5 Ra4 29.Nxa7 Ba8 30.Bb5 Ra5 31.Nc6 Bxc6
32.Bxc6 Qa3 33.Bb7 Rd3 34.Re1 Rb5 35.Be4 Rdb3 36.a7 Ra5 37.Qd2 g6 38.Qxa5 1-0